000 00638nam a2200241 a 4500
001 nice12345678
003 IN_TiNIC
005 20260116015044.0
008 050524s2002 dela grp 000 0 eng
020 _a8172148
_c95
082 0 0 _a275.4
_bTAL
100 _aTalibuddin, Ernest W
245 _aAnglican Church in North-East India 1845-1970
260 _aDelhi
_bISPCK
_c2002
300 _a167p
500 _aincludes index and biblioraphy
505 2 _aConclusion, Notes, Postscript, Bibliography
650 _aChurch-India
700 1 _aTalibuddin, Ernest W
902 _bSRS
942 _cBK
999 _c18122
_d18122